000 01461nam a2200361Ia 4500
001 ebr10587011
003 CaPaEBR
006 m u
007 cr cn|||||||||
008 020122s2001 gw sb 001 0 eng d
010 _z 2002275461
020 _z1588900533
020 _z3131289511
020 _z9781588900531
020 _z9783131605412
040 _aCaPaEBR
_cCaPaEBR
035 _a(OCoLC)811403723
050 1 4 _aRF46.5
_b.B46 2001eb
100 1 _aBennett, John D. C.
_q(John D. Courtenay)
240 1 0 _aInteresting otolaryngology
245 1 0 _aOffbeat otolaryngology
_h[electronic resource] :
_bwhat they didn't teach you in medical school /
_cJohn D.C. Bennett, John Riddington Young.
260 _aStuttgart ;
_aNew York :
_bThieme,
_cc2001.
300 _a161 p.
500 _a"First published under the title: Interesting otolaryngology in the United Kingdom".
504 _aIncludes bibliographical references (p. 147-161) and index.
533 _aElectronic reproduction.
_bPalo Alto, Calif. :
_cebrary,
_d2011.
_nAvailable via World Wide Web.
_nAccess may be limited to ebrary affiliated libraries.
650 0 _aOtolaryngology
_vAnecdotes.
650 0 _aMedicine
_vAnecdotes.
655 7 _aElectronic books.
_2local
700 1 _aRiddington Young, John.
710 2 _aebrary, Inc.
856 4 0 _uhttp://site.ebrary.com/lib/rucke/Doc?id=10587011
_zAn electronic book accessible through the World Wide Web; click to view
999 _c211725
_d211725